000 01126cam a2200325 i 4500
001 55530
003 Mx-PuUPA
005 20250217074647.0
008 140415s2009 mx gr 000 0 spa d
020 _a9786074260090
040 _cMx-PuUPA
_aMx-PuUPA
_bspa
_dMx-PuUPA
_erda
041 0 _aspa
100 1 _aArteaga Nava, Elisur,
_96776
_eautor
245 1 0 _aGarantias individuales /
_cElisur Arteaga Nava
250 _aPrimera edición
264 1 _aMéxico, D. F. :
_bOxford University Press México,
_c2009
300 _alxxix, 903 páginas ;
_c24 cm+
_b1 disco de computadora (4 3/4 pulg.)
336 _2rdacontent
_atexto
_btxt
336 _2rdacontent
_aimagen fija
_bsti
337 _2rdamedia
_asin medio
_bn
337 _2rdamedia
_acomputadora
_bc
338 _2rdacarrier
_avolumen
_bnc
338 _2rdacarrier
_adisco compacto
_bcd
490 0 _aColección Textos Jurídicos Universitarios
650 7 _2armarc
_aDerecho constitucional
_zMéxico
650 7 _2armarc
_aGarantías (Derecho)
_zMéxico
942 _2ddc
_cLI
_h342.72085
_iA78
999 _c55530
_d55530